000 00339nam a2200133Ia 4500
005 20260326100035.0
008 260326s9999||||xx |||||||||||||| ||und||
100 _aJencks, Charles
245 0 _aEl lenguaje de la Arquitectura Posmoderna /
_cCharles Jencks
260 _bGustavo Gili
300 _a168 p.
650 _aHISTORIA
942 _cBK
999 _c6779
_d6779